000 00643nam a2200265Ia 4500
005 20260306163923.0
008 008 260114s9999 xx 000 0 eng d
020 _a9780813038308
037 _aEBOOK
040 _aCRL
040 _beng
040 _cCRL
041 _2eng
041 _aeng
084 _qCRL
100 _aClune Jr.
_91129636
245 0 _aCuban Convents In The Age Of Enlightened Reform, 1761-1807
260 _bUniversity Press of Florida
260 _c2011
650 _aSocial Work
856 _uhttps://academic.oup.com/book/28943
942 _cEBOOK
999 _c1712028
_d1712028